| 000 | 01287nam a2200433 a 4500 | ||
|---|---|---|---|
| 001 | 22041 | ||
| 003 | VRT | ||
| 005 | 20260318093511.0 | ||
| 008 | 130517s2013 xo d 000 f slo d | ||
| 020 | _a9788071362142 (viaz.) | ||
| 035 | _aa000476953 | ||
| 039 | 9 |
_a201307030930 _buhliarova _c201306261301 _dkucmanj _c201305170826 _dedita |
|
| 040 |
_aPOKPOH _bslo _cUKB _eAACR2 |
||
| 041 | 1 |
_aslo _heng |
|
| 044 |
_axo _cSK |
||
| 072 | 7 |
_a821.111(73)-3 _xAmerická próza _2konspekt |
|
| 080 |
_a821.111(73)-31 _22001 |
||
| 080 |
_a(0:82-31) _22001 |
||
| 100 | 1 |
_aRoberts, Nora, _d1950- |
|
| 240 | 1 | 0 |
_aRed lily. _lSlovensky |
| 245 | 1 | 0 |
_aZáhrada _nTretí diel trilógie _pČervená ľalia _cNora Roberts ; [z anglického originálu] preložila Zdenka Hudáková |
| 246 | 3 | 0 | _aČervená ľalia |
| 250 | _a1. vyd. | ||
| 260 |
_aBratislava _bColumbus _c2013 |
||
| 300 | _a285 s. | ||
| 653 | _a821.111(73)-31 | ||
| 653 | _a(0:82-31) | ||
| 655 | 7 |
_aamerické romány _2UKBPH |
|
| 700 | 1 |
_aHudáková, Zdenka _4trl |
|
| 910 | _apokpoh | ||
| 910 | _apppk | ||
| 910 | _asvkbb | ||
| 910 | _asnk | ||
| 910 | _attkjf | ||
| 910 | _aukb | ||
| 942 |
_2ddc _cKLDO _n0 |
||
| 949 |
_61800579033 _aSL.D.91777 _bPV.5859-2013 |
||
| 949 |
_61800579034 _aSK.D.59523 _bPV.5860-2013 _s6707:20130704 |
||
| 999 |
_c22041 _d22041 |
||